INXS: Albums by Cover - Statistics

General Stats
  • This quiz has been taken 14 times
  • The average score is 8 of 12
Answer Stats
Picture Hint Answer % Correct
1987 Kick
100%
1980 INXS
88%
1985 Listen Like Thieves
88%
1990 X
88%
1982 Shabooh Shoobah
75%
1984 The Swing
75%
1981 Underneath the Colours
75%
1992 Welcome to Wherever You Are
75%
1993 Full Moon, Dirty Hearts
50%
1997 Elegantly Wasted
38%
2010 Original Sin
38%
2005 Switch
38%
No matching quizzes found
Score Distribution
Percent of People with Each Score
Percentile by Number Answered
Your Score History
You have not taken this quiz